00438nam a2200121Ia 45000010005000000080041000050820021000461000077000672450111001442600019002559010027002749990015003012301241024s9999 xx 000 0 und d aRD/371.7/R426p/3 aRepública Dominicana. Ministerio de Educación. Escuela de Directores 0aPrograma de Cerificación en Gestión de Calidad. Participación y Desarrollo Institucional, módulo 3 bINAFOCAMc2012 a3/7/2012 10:22:01 a.m. c8823d8823